000 00389 a2200157 4500
001 166167
020 _a
040 _cMagnum
100 _aCastorina, Jose Antonio
240 1 0 _aPiaget - vygotsky: novas contribuicoes para o debate
_lpor
245 1 0 _aPiaget - vygotsky: novas contribuicoes para o debate
362 0 _a1899
440 1 _aÁtica
697 _aPEDAGOGIA
942 _cBK
999 _c166167
_d166167